000
00217nam a22000857a 4500
008
160706b xxu||||| |||| 00| 0 eng d
100
_9
2383
_a
Alka Publications
245
_a
Know Your Wild Animals
260
_a
Mumbay
_b
Alka
999
_c
2060
_d
2060